000 01005nam0a22002411i 4500
001 rc\871477
005 20240723120401.0
035 _a(NLR Aleph) 006049895
090 _a4794418
_c4794418
100 _a20041129d1983 u |0rusy50 ca
101 0 _arus
102 _aRU
105 _aa |||||||||
200 1 _aГеохимия и особенности формирования подземных вод Гаурдак-Кугитангского района
_e(Юго-вост. Туркмения)
_eАвтореф. дис. на соиск. учен. степ. канд. геол.-минерал. наук
_e(04.00.06)
210 _aТомск
_d1983
215 _a19 с.
_cграф.
300 _aВ надзаг.: Том. политехн. ин-т им. С.М. Кирова
320 _aБиблиогр.: с. 18 (5 назв.)
700 1 _aТокгаева
_bГ.Х.
_gГалина Ходжатовна
801 0 _aRU
_bNLR
_gpsbo
801 1 _aRU
_bELAR
_2rusmarc
852 _aNLR
_j85-4/1608
942 _cBOOK